| 000 | 01528nam a2200121Ia 4500 | ||
|---|---|---|---|
| 008 | 220620s9999||||xx |||||||||||||| ||und|| | ||
| 245 | 0 | _aTrends in Clinical Deep Brain Stimulation | |
| 546 | _aEnglish[eng] | ||
| 650 | _adeep brain stimulation||Parkinson’s disease||illness representations||illness perceptions||coping strategies||microelectrode recordings||subthalamic nucleus||procedural sedation and analgesia||clonidine||dexmedetomidine||remifentanil||DBS||tremor||stimulation parameters||DBS programming algorithm||DBS side effects||thalamic nucleus||zona incerta||closed loop||sensing||electrophysiology||neurophysiology||pain||thermal grill||imaging||obsessive compulsive disorder||cognitive behavioral therapy||major depressive disorder||treatment resistant depression||neuropsychological subtypes||personalized treatment approach||treatment-resistant depression||depression||meta-analysis||meta-regression||subcallosal cingulate gyrus||medial forebrain bundle||inferior thalamic peduncle||ventral capsule||ventral striatum||general anesthesia||intraoperative computed tomography||intraoperative magnetic resonance imaging||local anesthesia||microelectrode recording||magnetic resonance imaging||ultra-high field||chronic pain||lead externalization||trial period||stereoEEG||subcallosal cingulate||medial prefrontal cortex||selection||levodopa||axial symptoms||non motor symptoms||genetics||n/a | ||
| 700 | _aJanssen, Marcus L. F.||Temel, Yasin | ||
| 856 | _uhttps://mdpi.com/books/pdfview/book/3506 | ||
| 942 | _cEB | ||
| 999 |
_c24539 _d24539 |
||